<?xml version="1.0" encoding="UTF-8"?>
<record
    xmlns:xsi="http://www.w3.org/2001/XMLSchema-instance"
    xsi:schemaLocation="http://www.loc.gov/MARC21/slim http://www.loc.gov/standards/marcxml/schema/MARC21slim.xsd"
    xmlns="http://www.loc.gov/MARC21/slim">

  <leader>01245nam a2200325Ia 4500</leader>
  <controlfield tag="001">Z_4382</controlfield>
  <controlfield tag="003">CHAP</controlfield>
  <controlfield tag="008">220113s2016    xx            000 0 und d</controlfield>
  <datafield tag="010" ind1=" " ind2=" ">
    <subfield code="a">167452</subfield>
  </datafield>
  <datafield tag="020" ind1=" " ind2=" ">
    <subfield code="a">978-607-12-0148-5 (colecci&#xF3;n Tlatemoa) \ 978-607-12-0420-2 (n&#xFA;mero 13)</subfield>
  </datafield>
  <datafield tag="040" ind1=" " ind2=" ">
    <subfield code="c">CHAP</subfield>
  </datafield>
  <datafield tag="082" ind1=" " ind2=" ">
    <subfield code="a">305.5633972 F84</subfield>
  </datafield>
  <datafield tag="100" ind1=" " ind2=" ">
    <subfield code="a">Fuente Hern&#xE1;ndez, Juan de la</subfield>
    <subfield code="9">43805</subfield>
  </datafield>
  <datafield tag="245" ind1=" " ind2=" ">
    <subfield code="a">Contra viento y marea : la pertinaz historia del movimiento campesino y las izquierdas  /</subfield>
    <subfield code="c">Juan de la Fuente Hern&#xE1;ndez</subfield>
  </datafield>
  <datafield tag="250" ind1=" " ind2=" ">
    <subfield code="a">2a ed.</subfield>
  </datafield>
  <datafield tag="260" ind1=" " ind2=" ">
    <subfield code="a">M&#xE9;xico  :</subfield>
    <subfield code="b">Universidad Autonoma de Chapingo. Departamento de Ense&#xF1;anza, Investigaci&#xF3;n y Servicio en Sociolog&#xED;a Rural,</subfield>
    <subfield code="c">2016</subfield>
  </datafield>
  <datafield tag="300" ind1=" " ind2=" ">
    <subfield code="a">335 p.</subfield>
  </datafield>
  <datafield tag="440" ind1=" " ind2=" ">
    <subfield code="a">Tlatemoa ; 13</subfield>
    <subfield code="9">141658</subfield>
  </datafield>
  <datafield tag="503" ind1=" " ind2=" ">
    <subfield code="a">ej.1: donaci&#xF3;n noviembre 2016</subfield>
  </datafield>
  <datafield tag="650" ind1=" " ind2=" ">
    <subfield code="a">Agricultura y Estado </subfield>
    <subfield code="x"></subfield>
    <subfield code="x"> M&#xE9;xico </subfield>
    <subfield code="x"></subfield>
    <subfield code="x"> Historia </subfield>
    <subfield code="x"></subfield>
    <subfield code="x"> Siglo XX</subfield>
    <subfield code="9">141659</subfield>
  </datafield>
  <datafield tag="650" ind1=" " ind2=" ">
    <subfield code="a">Campesinado</subfield>
    <subfield code="x">Actividad pol&#xED;tica </subfield>
    <subfield code="x"></subfield>
    <subfield code="x"> M&#xE9;xico </subfield>
    <subfield code="x"></subfield>
    <subfield code="x"> Historia </subfield>
    <subfield code="x"></subfield>
    <subfield code="x"> Siglo XX</subfield>
    <subfield code="9">141660</subfield>
  </datafield>
  <datafield tag="650" ind1=" " ind2=" ">
    <subfield code="a">Insurrecciones de campesinos </subfield>
    <subfield code="x"></subfield>
    <subfield code="x"> M&#xE9;xico </subfield>
    <subfield code="x"></subfield>
    <subfield code="x"> Historia </subfield>
    <subfield code="x"></subfield>
    <subfield code="x"> Siglo XX</subfield>
    <subfield code="9">141661</subfield>
  </datafield>
  <datafield tag="650" ind1=" " ind2=" ">
    <subfield code="a">Organizaci&#xF3;n de la comunidad </subfield>
    <subfield code="x"></subfield>
    <subfield code="x"> M&#xE9;xico</subfield>
    <subfield code="9">141662</subfield>
  </datafield>
  <datafield tag="901" ind1=" " ind2=" ">
    <subfield code="a">305.5633972 F84</subfield>
  </datafield>
  <datafield tag="902" ind1=" " ind2=" ">
    <subfield code="a">M</subfield>
  </datafield>
  <datafield tag="910" ind1=" " ind2=" ">
    <subfield code="a">2016</subfield>
  </datafield>
  <datafield tag="942" ind1=" " ind2=" ">
    <subfield code="c">1</subfield>
  </datafield>
  <datafield tag="942" ind1=" " ind2=" ">
    <subfield code="c">c1</subfield>
  </datafield>
  <datafield tag="999" ind1=" " ind2=" ">
    <subfield code="c">167452</subfield>
    <subfield code="d">167452</subfield>
  </datafield>
  <datafield tag="952" ind1=" " ind2=" ">
    <subfield code="0">0</subfield>
    <subfield code="1">0</subfield>
    <subfield code="2">ddc</subfield>
    <subfield code="4">0</subfield>
    <subfield code="7">0</subfield>
    <subfield code="8">GRAL</subfield>
    <subfield code="a">Z</subfield>
    <subfield code="b">Z</subfield>
    <subfield code="c">1</subfield>
    <subfield code="d">2017-11-29</subfield>
    <subfield code="p">z_7036</subfield>
    <subfield code="r">2022-01-18 00:00:00</subfield>
    <subfield code="t">1</subfield>
    <subfield code="w">2022-01-18</subfield>
    <subfield code="y">LIBRO</subfield>
  </datafield>
</record>
